| 000 | 00719nam a22002177a 4500 | ||
|---|---|---|---|
| 003 | 0 | ||
| 005 | 20250829120651.0 | ||
| 008 | 250829b xxu||||| |||| 00| 0 eng d | ||
| 020 | _a979-8-7651-2268-6 | ||
| 050 |
_aNA 2728 _b.S45 2025 |
||
| 100 |
_aSeidler, Douglas R., _eauthor. |
||
| 245 |
_aDigital drawing for designers : _ba visual guide to AutoCAD 2025 / _cDouglas R. Seidler. |
||
| 260 |
_aNew York, NY : _bFairchild Books, _c2025. |
||
| 300 |
_axvii, 258 pages : _billustrations ; _c28 cm. |
||
| 504 | _aIncludes index. | ||
| 650 |
_aArchitectural drawing _xData processing. |
||
| 650 | _aComputer-aided design. | ||
| 650 | _aAutoCAD (Computer file). | ||
| 650 |
_aDesign _xData processing. |
||
| 942 |
_2lcc _cBK |
||
| 999 |
_c367683 _d367683 |
||